000 00533nam a22001817a 4500
005 20251108165239.0
008 250721s1964 xx 000 0 ara d
082 1 4 _a915.656/ع
100 1 _aعارف، عبد الله ق
245 1 0 _aمدينة نابلس :
_bدراسة إقليميه /
264 1 _aدمشق :
_bجامعة دمشق - كلية الآداب،
_c1964.
300 _a143ص ؛ مصور
650 1 7 _aفلسطين
650 1 7 _aالجغرافيا
650 1 7 _aنابلس
942 _2ddc
_cBK
999 _c23156
_d23156